| 000 | 01639ntaaa2200397 4500 | ||
|---|---|---|---|
| 003 | 01 | ||
| 005 | 20251027203338.0 | ||
| 008 | 0714s1973 ag 01 | ||
| 020 | _a8430111786 | ||
| 040 |
_aAR-BaBN _bspa _cAR-BaBN _eaacr _dRIC |
||
| 100 | _aMoltmann, Jürgen | ||
| 245 |
_a¿Qué es teología hoy? : _bdos contribuciones para su actualización / _cJürgen Moltmann, traducido por Adolfo Olivera |
||
| 260 |
_aSalamanca : _bEds. Sígueme, _c1992 |
||
| 300 |
_a139 p. ; _c18 cm. |
||
| 490 |
_aPedal ; _v219 |
||
| 500 | _aTítulo original: Was ist heute Theologie? | ||
| 500 | _aDonación de Tomás J. M. Mackey, 2021 | ||
| 500 | _aEd. original en alemán: Verlag Herder | ||
| 500 | _aIncluye referencias bibliográficas | ||
| 500 | _aBibliografía: p. 75-78 | ||
| 505 | _tI. El camino de la teología en el siglo XX | ||
| 505 | _t1. La herencia del siglo XIX | ||
| 505 | _t2. La marcha de la teología en el siglo XX | ||
| 505 | _t3. En busca de la relevancia secular | ||
| 505 | _t4. En busca de la identidad cristiana | ||
| 505 | _t5. La teología en la «era ecuménica» | ||
| 505 | _tII. Las mediaciones modernas de la teología | ||
| 505 | _t1. La teología existencial: Rudolf Bultmann y el problema de la historia | ||
| 505 | _t2. La teología trascendental: Karl Rahner y el problema del antropocentrismo | ||
| 505 | _t3. La teología de la cultura: Paul Tillich y la interpretación religiosa del mundo secular | ||
| 505 | _t4. La teología política y la modernidad incompleta | ||
| 650 | _aTEOLOGIA | ||
| 650 |
_aMODERNIDAD _932238 |
||
| 700 |
_aOlivera, Adolfo _etraductor _937343 |
||
| 942 | _cBK | ||
| 999 |
_c28994 _d28994 |
||